Twenty One Pilots - Fairly Local (Lyrics) - Statistics

General Stats
  • This quiz has been taken 12 times
  • The average score is 266 of 360
Answer Stats
Answer % Correct
I
100%
a
89%
around
89%
be
89%
been
89%
fairly
89%
I'm
89%
I've
89%
local
89%
do
78%
down
78%
good
78%
now
78%
oh
78%
people
78%
seen
78%
streets
78%
the
78%
walking
78%
yo
78%
you
78%
you're
78%
am
67%
and
67%
avoid
67%
beat
67%
black
67%
bulletproof
67%
but
67%
chance
67%
core
67%
dance
67%
don't
67%
emotional
67%
evil
67%
few
67%
funeral
67%
have
67%
I'll
67%
know
67%
like
67%
my
67%
never
67%
on
67%
proud
67%
radio
67%
repeat
67%
say
67%
so
67%
song
67%
switch
67%
this
67%
to
67%
tomorrow
67%
truly
67%
vote
67%
want
67%
what
67%
who
67%
will
67%
yeah
67%
yesterday's
67%
cold
56%
even
56%
if
56%
in
56%
is
56%
it's
56%
keep
56%
kill
56%
not
56%
that
56%
they
56%
try
56%
were
56%
we're
56%
clique
44%
save
44%
shouldn't
44%
us
44%
world
44%
burning
33%
fight
33%
pick
33%
No matching quizzes found
Score Distribution
Percent of People with Each Score
Percentile by Number Answered
Your Score History
You have not taken this quiz